|
|
|
|
| LEADER |
00000nas a2200000 i 4500 |
| 001 |
ssj0001077876 |
| 003 |
WaSeSS |
| 005 |
20200512172242.0 |
| 006 |
m d |
| 007 |
cr n |
| 008 |
140107c20uu9999rm q| p|s|||||| |0rum d |
| 035 |
|
|
|a (WaSeSS)ssj0001077876
|
| 040 |
|
|
|a WaSeSS
|b eng
|c WaSeSS
|d WaSeSS
|
| 041 |
|
|
|a rum
|a eng
|
| 043 |
|
|
|a e-rm---
|
| 050 |
1 |
4 |
|a PN4705
|
| 245 |
0 |
0 |
|a Revista Româna de jurnalism si comunicare
|h [electronic resource].
|
| 260 |
|
|
|a Bucharest, Romania :
|b Universitatea din Bucuresti si Facultatea de Jurnalism si Stintele Comunicarii
|
| 310 |
|
|
|a Quarterly
|
| 506 |
|
|
|a License restrictions may limit access.
|
| 546 |
|
|
|a In Romanian and English.
|
| 588 |
|
|
|a Description based on: Volume 1 (2/3) (2006); title from title screen (ProQuest, viewed Jan. 7, 2014).
|
| 588 |
|
|
|a Latest issue consulted: Volume 8 (2/3) (2013) (viewed Jan. 7, 2014).
|
| 650 |
|
0 |
|a Journalism
|v Periodicals.
|
| 650 |
|
0 |
|a Journalism
|z Romania
|v Periodicals.
|
| 650 |
|
0 |
|a Mass media
|v Periodicals.
|
| 655 |
|
0 |
|a Electronic journals.
|
| 776 |
0 |
8 |
|i Print version:
|t Revista Româna de jurnalism si comunicare
|x 1842-256X
|
| 780 |
1 |
0 |
|t Jurnalism şi comunicare
|x 1583-3976
|
| 856 |
4 |
0 |
|z Full text available from Research Library: 04/01/2006 to present
|u https://search.proquest.com/publication/636383
|